Üç Büyük Usta : (Record no. 15360)

MARC details
000 -BAŞLIK
Sabit Uzunlukta Kontrol Alanı 00777nam a22002417a 4500
999 ## - SİSTEM KONTROL NUMARALARI (KOHA)
Koha Biblionumber 15360
Koha Biblioitemnumber 15360
003 - KONTROL NUMARASI IDENTIFIER
Denetim Alanı MIRAKIL
005 - SON İŞLEM TARİHİ VE ZAMANI
Denetim Alanı 20240213165320.0
008 - SABİT-BOY VERİ ELEMANLARI - GENEL BİLGİLER
Sabit Uzunlukta Kontrol Alanı 240213b tu ||||| |||| 00| 0 tur d
020 ## - ULUSLARARASI STANDART KİTAP NUMARASI
Uluslararası Standart Kitap Numarası 9754586152
040 ## - KATALOGLAMA KAYNAK
Orijinal Kataloglama Ajansı TR-AnCHP
Metne Dönüştürmek Ajansı TR-AnCHP
041 ## - DİL KODU
Metin / Ses Parça Veya Ayrı Başlığın Dil Kodu Türkçe
082 ## - DEWEY ONLU SINIFLANDIRMA NUMARASI
Sınıflandırma Numarası 928
Ürün Numarası Z83ü 2011
090 ## - SINIFLAMA NUMARASI
Sınıflama Numarası 928 Z83ü 2011
100 1# - ANA GİRİŞ - KİŞİSEL İSİM
Kişisel Ad Zweig, Stefan
245 10 - BAŞLIK TABLOSU
Başlık Üç Büyük Usta :
Başlığın Kalan Balzac. Dickens. Dotoyevski /
Sorumluluk Tablosu, Vb Stefan Zweig ; çev. Nafer Ermiş
250 ## - EDITION TABLOSU
Baskı Beyanı 10. bs.
260 ## - YAYIN, DAĞITIM, VB
Yayın, Dağıtım, Vb Yeri İstanbul
Yayıncı, Dağıtıcı, Vs Adı Türkiye İş Bankası Kültür Yayınları
Yayın, Dağıtım, Vb Tarihi 2011
300 ## - FİZİKSEL TANIM
Kapsam 217 s.
Boyutlar 20 cm.
490 0# - SERİSİ TABLOSU
Seri Beyanı Modern klasikler dizisi:
Hacim / Ardışık Tanımı 14.
650 #0 - KONU KATMA GİRİŞ - TOPİKAL DÖNEM
9 (RLIN) 26
Topikal Süreli Veya Coğrafi Ad Giriş Elemanı Alman edebiyatı
856 ## - ELEKTRONİK YER VE ERİŞİM
Kamu Notu Dijital Nüshası için Partimizin Kütüphane Sorumlusu ile iletişime geçiniz.
942 ## - EKLENDİ GİRİŞ ELEMANLARI (KOHA)
Sınıflandırma Veya Raf Düzeni Kaynak Dewey Decimal Classification
Koha Öğesi Türü Books
Holdings
Kalıcı Konum Mevcut Konum Edinme Tarihi Toplam Check-Out'Lar Tam Çağrı Numarası Barkod Tarih Son Görülme İtibaren Geçerli Fiyatlar Koha Öğesi Türü
CHP Kütüphanesi CHP Kütüphanesi 02/13/2024   928 Z83ü 2011 20948 02/13/2024 02/13/2024 Books